000 00309nam a22001337a 4500
008 170524b xxu||||| |||| 00| 0 eng d
020 _a9780471204893
041 _aeng
080 _a62
100 _a26
101 _aI,
245 _aAERIAL PHOTOGRAPHY IMAGE INTERPRETATION
_cPAINE.D.P
942 _2udc
_cBK
999 _c14056
_d14056